| 000 | 01179nam a22002537a 4500 | ||
|---|---|---|---|
| 003 | OSt | ||
| 005 | 20250827101438.0 | ||
| 008 | 240305b ||||| |||| 00| 0 eng d | ||
| 040 | _c0 | ||
| 082 | _aDPer 621.317 Ie21 July 2022 v. 37 n. 7 | ||
| 100 |
_aYu, Yun. _eauthor. _953995 |
||
| 245 |
_aA reference-feedforward-based damping method for virtual synchronous generator control / _cYun Yu, Sanjay K. Chaudhary, Gibran David Agundis Tinajero, Luona Xu, Nur Najihah Binti Abu Bakar, Juan C. Vasquez, and Josep M. Gurrero. |
||
| 260 |
_aNew York ; _bThe Institute of Electrical and Electronics Engineers, Inc. , _cJuly 2022. |
||
| 300 |
_avolume 37, pages 7566-7571 : _billustration ; _c28 cm. |
||
| 500 | _aIEEE Transaction on Power Electronics Society, vol. 37, no. 7, pages 7566-7571 ,July 2022. | ||
| 700 |
_aYu, Yun. _eauthor. _953995 |
||
| 700 |
_aChaudhary, Sanjay K. _eauthor. _953996 |
||
| 700 |
_aTinajero, Gibran David Agundis. _eauthor. _953997 |
||
| 700 |
_aXu, Luona. _eauthor. _953998 |
||
| 700 |
_aBakar, Nur Najihah Binti Abu. _eauthor. _953999 |
||
| 700 |
_aVasquez, Juan C. _eauthor. _954000 |
||
| 700 |
_aGurrero, Josep M. _eauthor. _954001 |
||
| 942 |
_2ddc _cPER |
||
| 999 |
_c19526 _d19526 |
||